000
00206 a2200097 4500
001
2322
100
_a
Karman, T V
245
_a
Advances in Aeronautical sciences
260
_a
_b
Peg
_c
090
_c
1683
_d
1683
942
_a
NUST-CAE
_c
M
_c
7591
999
_c
237395
_d
237395